| 000 | 01030cab a2200289 4500 | ||
|---|---|---|---|
| 001 | ABS59168 | ||
| 008 | 090401t1998 xxu||||| |||| 00| 0 eng d | ||
| 035 | _a(Sirsi) u88324 | ||
| 041 | _aeng | ||
| 100 | _aTolson, S. | ||
| 245 | _aCollateral warranties - a lawyer`s eye-view | ||
| 260 | _c1998 | ||
| 350 | _a0 | ||
| 490 |
_aFaculty of Building Journal _vAugust 1998, 30-32(3) |
||
| 520 | _aExamines the agreements between developers and funding institutions, looking at litigation in relation to defective leases, particularly relating to the repairing covenant. Discusses professional indemnity insurance and insurance claims. | ||
| 650 | _aBUILT ENVIRONMENT-BUILDING CONTRACT FORMS-CONSTRUCTION COLLATERAL WARRANTY FORMS | ||
| 650 | _aDEVELOPERS | ||
| 650 | _aFUNDING INSTITUTIONS | ||
| 650 | _aINSURANCE CLAIMS | ||
| 650 | _aPROFESSIONAL INDEMNITY INSURANCE | ||
| 650 | _aPURCHASERS | ||
| 650 | _aREPAIRING COVENANTS | ||
| 650 | _aTENANTS | ||
| 690 | _aDEVELOPMENT | ||
| 942 | _n0 | ||
| 948 | _c07/09/1998 | ||
| 999 |
_c55787 _d55787 |
||